| 000 | 00557nam a22001817a 4500 | ||
|---|---|---|---|
| 999 |
_c4178 _d4178 |
||
| 003 | GBCCL | ||
| 005 | 20241126110513.0 | ||
| 008 | 180116b xxu||||| |||| 00| 0 eng d | ||
| 040 | _cgbc | ||
| 082 |
_aVER 227.607 _bKHA |
||
| 100 |
_aKhamkam, G. _97297 |
||
| 245 |
_aFilipite leh Kolosate kianga Paul Laikhak Hilhchetna / _cG. Khamkam |
||
| 260 |
_bEvangelical Book House, _aLamka: _c1988 |
||
| 300 |
_a185 p.; _c18 cm. |
||
| 440 |
_aSaptuam Laisiangthou Hilhchetna _97247 |
||
| 650 |
_aBible _vNew Testament _vPhillipian _xCommentary _97952 |
||
| 942 |
_2ddc _cBK _05 |
||